El regionalismo peninsular (Record no. 103773)
[ view plain ]
| 000 -LEADER | |
|---|---|
| campo de control de longitud fija | 01027nam a2200241 i 4500 |
| 001 - NÚMERO DE CONTROL | |
| campo de control | 103773 |
| 003 - IDENTIFICADOR DE NÚMERO DE CONTROL | |
| campo de control | ES-MaACL |
| 005 - FECHA Y HORA DE LA ÚLTIMA TRANSACCIÓN | |
| campo de control | 20250902103430.0 |
| 007 - CAMPO FIJO DE DESCRIPCIÓN FÍSICA--INFORMACIÓN GENERAL | |
| campo de control de longitud fija | t| |
| 008 - DATOS DE LONGITUD FIJA--INFORMACIÓN GENERAL | |
| campo de control de longitud fija | 051118s1918 sp ||||1| spa d |
| 100 1# - ENTRADA PRINCIPAL--NOMBRE DE PERSONA | |
| Nombre de persona | Merino Alvarez, Abelardo. |
| 9 (RLIN) | 80534 |
| 245 13 - MENCIÓN DEL TÍTULO | |
| Título | El regionalismo peninsular |
| Resto del título | : la antropología y la etnografía / |
| Mención de responsabilidad, etc. | Abelardo Merino Alvarez. |
| 260 ## - PUBLICACIÓN, DISTRIBUCIÓN, ETC. | |
| Lugar de publicación, distribución, etc. | Madrid : |
| Nombre del editor, distribuidor, etc. | [s.n.], |
| Fecha de publicación, distribución, etc. | 1918 ( |
| Fabricante | Imp. del Patronato de Huérfanos de Intendencia é Intervención Militares) |
| 300 ## - DESCRIPCIÓN FÍSICA | |
| Extensión | 72 p. ; |
| Dimensiones | 23 cm. |
| 490 1# - MENCIÓN DE SERIE | |
| Mención de serie | Publicaciones del Boletín de la Real Sociedad Geográfica |
| 650 00 - PUNTO DE ACCESO ADICIONAL DE MATERIA--TÉRMINO DE MATERIA | |
| Término de materia o nombre geográfico como elemento de entrada | Regionalismo- |
| Subdivisión geográfica | España. |
| 9 (RLIN) | 16748 |
| 650 #4 - PUNTO DE ACCESO ADICIONAL DE MATERIA--TÉRMINO DE MATERIA | |
| Término de materia o nombre geográfico como elemento de entrada | Antropología cultural y social- |
| Subdivisión geográfica | España |
| 9 (RLIN) | 9873 |
| 710 2# - ENTRADA AGREGADA--NOMBRE DE ENTIDAD CORPORATIVA | |
| Nombre de entidad corporativa o nombre de jurisdicción como elemento de entrada | Patronato de Huérfanos de Intendencia e Intervención Militares. |
| 9 (RLIN) | 6172 |
| 710 2# - ENTRADA AGREGADA--NOMBRE DE ENTIDAD CORPORATIVA | |
| Nombre de entidad corporativa o nombre de jurisdicción como elemento de entrada | Real Sociedad Geográfica |
| 9 (RLIN) | 6403 |
| 830 1# - PUNTO DE ACCESO ADICIONAL DE SERIE-TÍTULO UNIFORME | |
| Título uniforme | Publicaciones del Boletín de la Real Sociedad Geográfica |
| 9 (RLIN) | 184622 |
| 852 ## - LOCALIZACIÓN | |
| Ubicación | ES-MaACL |
| Número de control de estantería | 1565-F-18 |
| Nota libre | - Dedicatoria autógrafa del autor |
| Estatus retirado | Estado de pérdida | Estado de daño | No para préstamo | Colección | Biblioteca de origen | Biblioteca actual | Ubicación en estantería | Fecha de adquisición | Fuente de adquisición | Total de préstamos | Signatura topográfica completa | Código de barras | Visto por última vez | Precio de reemplazo | Tipo de ítem Koha |
|---|---|---|---|---|---|---|---|---|---|---|---|---|---|---|---|
| Colección de folletos | Biblioteca del Ateneo de Madrid | Biblioteca del Ateneo de Madrid | Depósito folletos | 17/01/2008 | 1565-F-18 | 1108345 | 23/02/2023 | 23/02/2023 | Folleto |
